MyGZULibrary

Ghana : (Record no. 10339)

MARC details
000 -LEADER
fixed length control field 00919nam a2200289 a 4500
001 - CONTROL NUMBER
control field 1499475
003 - CONTROL NUMBER IDENTIFIER
control field GZU
005 - DATE AND TIME OF LATEST TRANSACTION
control field 20220217191354.0
008 - FIXED-LENGTH DATA ELEMENTS--GENERAL INFORMATION
fixed length control field 880711s1973 enkbc 001 0aeng d
010 ## - LIBRARY OF CONGRESS CONTROL NUMBER
LC control number 88159514
020 ## - INTERNATIONAL STANDARD BOOK NUMBER
International Standard Book Number 0901787345
035 ## - SYSTEM CONTROL NUMBER
System control number (OCoLC)7953689
040 ## - CATALOGING SOURCE
Original cataloging agency InLP
Transcribing agency DLC
Modifying agency DLC
042 ## - AUTHENTICATION CODE
Authentication code lccopycat
043 ## - GEOGRAPHIC AREA CODE
Geographic area code f-gh---
050 00 - LIBRARY OF CONGRESS CALL NUMBER
Classification number DT511
Item number NKR 1957
100 1# - MAIN ENTRY--PERSONAL NAME
Personal name Nkrumah, Kwame,
Dates associated with a name 1909-1972.
Relator term author
245 14 - TITLE STATEMENT
Title Ghana :
Remainder of title The autobiography of Kwame Nkrumah /
Statement of responsibility, etc. Kwame Nkrumah
260 ## - PUBLICATION, DISTRIBUTION, ETC.
Place of publication, distribution, etc. New York :
Name of publisher, distributor, etc. International Publishers,
Date of publication, distribution, etc. 1957.
300 ## - PHYSICAL DESCRIPTION
Extent xiii, 310 p. :
Other physical details map, port. ;
Dimensions 18 cm.
500 ## - GENERAL NOTE
General note Includes index.
600 10 - SUBJECT ADDED ENTRY--PERSONAL NAME
Personal name Nkrumah, Kwame,
Dates associated with a name 1909-1972.
651 #0 - SUBJECT ADDED ENTRY--GEOGRAPHIC NAME
Geographic name Ghana
General subdivision Politics and government
Chronological subdivision To 1957.
906 ## - LOCAL DATA ELEMENT F, LDF (RLIN)
a 7
b cbc
c copycat
d 3
e ncip
f 19
g y-gencatlg
942 ## - ADDED ENTRY ELEMENTS (KOHA)
Source of classification or shelving scheme Library of Congress Classification
Koha item type Books
Classification part 511
Item part NKR
Call number prefix DT
Holdings
Withdrawn status Lost status Source of classification or shelving scheme Damaged status Not for loan Collection code Home library Current library Shelving location Date acquired Source of acquisition Total Checkouts Full call number Barcode Date last seen Copy number Price effective from Koha item type
    Library of Congress Classification     Non-fiction City Campus Library City Campus Library General Stacks 02/17/2022 Prof. R.J.Zvobgo   DT511 NKR 1957 031916 02/17/2022 c. 1 02/17/2022 Books